[Event "BL Meisterschaftsturnier 2020"]
[Site "Karlsruhe"]
[Date "2020.09.17"]
[Round "2.1"]
[White "Fressinet, Laurent"]
[Black "Kamsky, Gata"]
[Result "1/2-1/2"]
[WhiteElo "2635"]
[BlackElo "2674"]
[Annotator "TA"]
[PlyCount "60"]
[EventDate "2020.09.16"]
[EventType "team-tourn"]
[EventCountry "GER"]
[SourceTitle "playchess.com"]
[Source "ChessBase"]
[SourceQuality "1"]
[WhiteTeam "Werder Bremen"]
[BlackTeam "Deizisau"]

{[%evp 10,60,38,27,30,22,31,29,39,27,17,20,24,15,35,27,64,32,44,25,48,42,62,47,57,60,48,58,69,40,62,18,22,29,36,26,69,54,61,54,75,70,103,63,79,75,87,71,89,43,84,73,64]} 1. d4 d5 2. c4 c6 3. Nf3 Nf6 4. Nc3 a6 5. e3 g6 6. a4 (6. Be2 Bg7 7. O-O O-O 8. a4 a5 9. cxd5 cxd5 10. Qb3 Nc6 11. Bd2 Qd6 12. Rfc1 Bd7 13. Qa3 Qb8 14. Nb5 Rd8 15. Be1 Bf8 16. Qb3 e6 17. h3 Ne4 18. Nd2 Nd6 19. Nb1 Nf5 20. N1c3 Nb4 21. Na2 Nc6 22. Nac3 Nb4 23. Na2 Nc6 24. Nac3 Nb4 25. Na2 {½-½ (25) Fressinet,L (2700)-Kamsky,G (2762) Beijing 2012}) 6... Bg7 {D15: Slav Defence: 4 Nc3 a6 and gambit lines after 4 Nc3 dxc4.} 7. a5 O-O 8. Qb3 Ne4 {[#] White has an edge.} 9. Be2 $146 ({Predecessor:} 9. cxd5 Nxc3 10. bxc3 cxd5 11. Be2 Nc6 12. Qa4 Qc7 13. O-O Bf5 14. Bb2 Rac8 15. Rfc1 {1-0 (55) Lopez Martinez,J (2548)-Juan Bartroli,P (2179) Barcelona 2014}) 9... dxc4 10. Qxc4 Nd6 11. Qb4 Bg4 12. O-O Nd7 13. Rd1 Rc8 14. Bd2 Qc7 15. Rac1 Qb8 16. h3 Bf5 17. g4 Be4 18. Nxe4 Nxe4 19. Be1 e6 20. Bd3 Nef6 21. Bf1 Nd5 22. Qb3 f5 23. Bg2 Bf6 24. Bd2 Kh8 25. g5 $36 {[%mdl 2048] White has the initiative.} Bg7 26. Re1 c5 27. Qa3 b6 28. axb6 Qxb6 {[%cal Rc5d4]} 29. Ra1 Rc6 30. dxc5 Nxc5 {Accuracy: White = 78%, Black = 81%.} 1/2-1/2

[Event "BL Meisterschaftsturnier 2020"]
[Site "Karlsruhe"]
[Date "2020.09.17"]
[Round "2.1"]
[White "L'Ami, Erwin"]
[Black "Seel, Christian"]
[Result "1-0"]
[WhiteElo "2620"]
[BlackElo "2475"]
[Annotator "TA"]
[PlyCount "71"]
[EventDate "2020.09.16"]
[EventType "team-tourn"]
[EventCountry "GER"]
[SourceTitle "playchess.com"]
[Source "ChessBase"]
[SourceQuality "1"]
[WhiteTeam "Solingen"]
[BlackTeam "Aachen"]

{[%evp 13,71,35,74,31,50,51,46,23,58,60,73,73,72,74,70,76,175,187,191,195,201,197,195,199,194,193,184,184,180,183,224,219,219,220,255,245,361,362,368,357,583,568,733,658,864,853,863,737,987,977,949,938,1183,1161,4344,2198,5804,5804,5389,5373]} 1. e4 e5 2. Nf3 d6 3. d4 exd4 4. Nxd4 Nf6 5. Nc3 Be7 6. Bf4 O-O 7. Qd2 d5 8. O-O-O {C41: Philidor Defence.} (8. Ndb5 $5 {[%cal Rb5c7]} Bb4 9. O-O-O $14 (9. Bxc7 Qe7 $11) (9. Nxc7 Nxe4 10. Qxd5 Nxc3 $14)) 8... Nxe4 9. Nxe4 dxe4 {[#]} 10. Bc4 $146 {White is slightly better.} ({Predecessor:} 10. Qe1 Qd5 11. c4 Qc5 12. Qxe4 Bf6 13. Be3 Qa5 14. Bd3 g6 15. Bb1 Qa4 16. Qc2 {1-0 (26) Linares Napoles,O (2199)-Puntier Andujar,W (2337) Havana 2006}) 10... Nc6 11. Nxc6 bxc6 12. Qe3 Bd6 13. Qxe4 Qh4 14. Rd4 $36 {[%mdl 2048] Keeping Black busy.} Qxf2 (14... Bd7 $16 {keeps fighting.}) 15. Bxd6 $18 cxd6 16. Rf1 Bf5 {aiming for ...Qxf1+!} 17. Rxf2 Bxe4 18. Rxe4 {Hoping for Re7.} ({But not} 18. Rxd6 $6 a5 $16) 18... d5 {[#]} 19. Bxd5 $1 cxd5 {[%mdl 4096] Endgame KRR-KRR} 20. Rd4 Rad8 21. Rfd2 f5 22. Rxd5 Rxd5 23. Rxd5 {KR-KR} f4 24. c4 Rf6 (24... Rc8 $142 25. b3 Rc7) 25. c5 a5 26. Kc2 Rg6 $2 {[#]} (26... Kf7 {might work better.} 27. a3 a4 28. Rd7+ Ke6) 27. Kb3 {White is clearly winning.} Kf7 28. Rd2 Ke7 29. Ka4 Rh6 30. h3 Rc6 31. Kb5 Rc8 32. c6 a4 33. Rd7+ Kf6 34. c7 h5 35. Kc6 g5 36. Rd8 {Black did not feel at home in the position after the opening. Accuracy: White = 95%, Black = 36%.} 1-0

[Event "BL Meisterschaftsturnier 2020"]
[Site "Karlsruhe"]
[Date "2020.09.17"]
[Round "2.2"]
[White "Heimann, Andreas"]
[Black "McShane, Luke J"]
[Result "1/2-1/2"]
[WhiteElo "2617"]
[BlackElo "2680"]
[Annotator "TA"]
[PlyCount "174"]
[EventDate "2020.09.16"]
[EventType "team-tourn"]
[EventCountry "GER"]
[SourceTitle "playchess.com"]
[Source "ChessBase"]
[SourceQuality "1"]
[WhiteTeam "Deizisau"]
[BlackTeam "Werder Bremen"]

{[%evp 16,174,0,0,0,0,10,10,10,8,8,8,7,7,7,10,2,5,8,6,22,22,61,14,83,83,93,93,145,93,262,265,295,295,297,295,422,422,414,407,378,371,363,14,14,13,268,200,160,0,0,0,0,0,0,0,0,0,0,0,228,228,228,228,228,7,228,228,228,0,0,0,0,0,0,0,0,0,0,0,0,0,0,0,0,0,0,0,0,0,0,0,0,0,228,0,0,0,0,0,0,0,0,0,0,0,0,0,0,0,0,0,0,0,0,0,0,0,0,0,0,0,0,0,0,0,0,0,0,0,0,0,0,0,0,0,0,0,0,0,0,0,0,0,0,0,0,0,0,0,0,0,0,0,0,0,0,0,0,0,0]} 1. e4 e5 2. Nf3 Nc6 3. Nc3 Nf6 4. d4 exd4 5. Nxd4 Bb4 6. Nxc6 bxc6 7. Bd3 d5 8. Bd2 O-O 9. O-O Bxc3 {9...Rb8 is the hot move. Played by Anish Giri in August 2020. C47: Scotch Four Knights and Four Knights with 4 g3.} 10. Bxc3 dxe4 11. Bxf6 Qxf6 12. Bxe4 Qxb2 13. Bxc6 Rb8 14. Rb1 Qxb1 15. Qxb1 Rxb1 16. Rxb1 $11 {[%mdl 4096] Endgame KRB-KRB} Rd8 17. Bf3 {[#]} Bf5 $146 ({Predecessor:} 17... Kf8 18. Rb8 Re8 19. h4 Ba6 20. Rb3 Be2 21. Bxe2 Rxe2 22. Rc3 Re7 23. f3 Ke8 {½-½ (52) So,W (2765)-Carlsen,M (2872) Wijk aan Zee 2020}) 18. Rb7 Bxc2 19. h3 f5 (19... Bd1 $11) 20. Rxc7 $16 Be4 21. Bxe4 fxe4 {KR-KR} 22. Kf1 (22. Rxa7 $142 Rd1+ 23. Kh2) 22... Rd2 $2 (22... a5 $16) 23. Rxa7 $18 h6 24. a4 Kh7 25. a5 Ra2 (25... Kg6 {keeps fighting.} 26. Ra8 Kf6) 26. a6 Kg6 27. Ra8 Kg5 28. Ke1 Kh4 29. Rg8 $2 ({Only move:} 29. a7 $18) 29... e3 $11 30. fxe3 g5 $2 {[%mdl 8192]} (30... Rxa6 $11 {and Black is okay.} 31. Rxg7 Ra2 32. Rg4+ Kh5) 31. Ra8 Kg3 32. a7 $2 ({White should play} 32. e4 $16) 32... Kxg2 33. e4 Kxh3 34. e5 g4 35. e6 Ra6 $1 {[%cal Ra6e6]} 36. Kd2 Rd6+ 37. Kc3 Rxe6 $2 (37... Rc6+ $1 $11 {and Black stays safe.} 38. Kd4 Rc7) 38. Rh8 $18 Ra6 {[#]} 39. Rxh6+ $1 {[%mdl 576] Promotion} Rxh6 40. a8=Q $11 {KQ-KR} Kh2 $2 (40... Re6 $1 $11 {and Black has nothing to worry.} 41. Kd2 Kg3 42. Qb8+ Kh4) 41. Qa2+ $18 Kg3 {[#]} 42. Qf7 $2 (42. Qd5 $1 $18) 42... Rh2 $1 $11 43. Kd3 Rf2 44. Qh5 Rf3+ 45. Ke2 Rf2+ 46. Ke1 Rf3 47. Qh6 Kg2 48. Qd2+ Kh3 49. Ke2 Kg2 50. Qd4 Kg3 51. Qb6 Kg2 52. Qc6 Kg3 53. Qh6 Rf2+ 54. Ke3 Kg2 $2 {[#]} (54... Rf1 $11 55. Qg6 Rf3+ 56. Kd4 Kh4) 55. Qc6+ $2 ({White must play} 55. Qh4 $1 $18 {[%cal Rh4f2]} g3 56. Qg5) 55... Rf3+ {The position is equal.} 56. Ke2 Kg3 57. Qd6+ Kg2 58. Qd5 Kg3 59. Qd4 {Threatens to win with Qd6+.} Kh4 60. Qg1 Kh3 61. Qe1 Rf8 {( -> ...Re8+)} 62. Qh1+ Kg3 63. Ke3 Rf3+ 64. Ke4 Rf4+ 65. Ke5 {Qg1+ would kill now.} Rf3 66. Qg1+ Kh3 67. Ke4 Rf7 68. Qc5 {White wants to mate with Qh5+.} (68. Qa1 {is more complex.} Rf3 69. Qb2 Kg3 70. Qe5+ Kh4 71. Kd4) 68... Rf3 (68... Rf1 {with more complications.} 69. Qe3+ Rf3 70. Qg5 Rf2 71. Kd3 Rf3+) 69. Qh5+ Kg3 70. Qh6 Rf2 71. Ke3 {Qd6+ is the strong threat.} Rf3+ 72. Ke2 Rf2+ 73. Ke1 {aiming for Qb6.} Kg2 74. Qc6+ (74. Qh5 {seems wilder.} Rf1+ 75. Kd2 Rf2+ 76. Kc3 Rf3+ 77. Kc2) 74... Rf3 $1 75. Qb6 Rf1+ 76. Ke2 Rf3 77. Qb5 Rf2+ 78. Ke1 {Strongly threatening Qd5+.} Rf3 79. Qe2+ Kg3 80. Qe5+ Kg2 81. Qd5 {And now Kd1 would win.} Kh3 82. Qg5 Kg3 83. Qh5 Rf8 84. Qh6 Rf3 85. Ke2 {Black must now prevent Qb6.} Rf2+ 86. Ke3 Rf3+ 87. Ke4 {Hoping for Qc1.} Rf1 {Blacks defense is rewarded with a draw. Accuracy: White = 87%, Black = 82%.} 1/2-1/2

[Event "BL Meisterschaftsturnier 2020"]
[Site "Karlsruhe"]
[Date "2020.09.17"]
[Round "2.2"]
[White "Koch, Thomas"]
[Black "Andersen, Mads"]
[Result "1/2-1/2"]
[WhiteElo "2461"]
[BlackElo "2585"]
[Annotator "TA"]
[PlyCount "93"]
[EventDate "2020.09.16"]
[EventType "team-tourn"]
[EventCountry "GER"]
[SourceTitle "playchess.com"]
[Source "ChessBase"]
[SourceQuality "1"]
[WhiteTeam "Aachen"]
[BlackTeam "Solingen"]

{[%evp 14,93,5,-20,-20,-10,-14,-22,-18,-13,-6,-11,-16,-6,0,-6,-6,-16,-10,-10,-15,-16,-15,-12,-18,-9,-28,-20,-16,-36,-39,-54,-49,-83,-75,-107,-30,-125,-116,-116,-6,-14,0,0,0,0,110,110,115,118,118,117,122,118,223,224,254,247,253,222,224,208,208,150,244,227,255,260,257,250,244,180,187,0,163,163,149,0,51,0,164,0]} 1. d4 d5 2. c4 c6 3. Nc3 Nf6 4. e3 e6 5. Nf3 Nbd7 6. Qc2 Bd6 7. g4 h6 8. Rg1 e5 {D45: Semi-Slav: 5 e3.} 9. cxd5 cxd5 10. Nb5 Bb8 {The position is equal.} 11. g5 hxg5 12. Nxg5 e4 13. Bd2 $132 {[%mdl 2048] White puts up resistance} Nb6 {[%cal Bd7b6,Bb6c8,Bc8e7,Be7f5][%mdl 32]} ({Of course not} 13... Bxh2 $6 14. Rh1 $18) ({Reject} 13... Rxh2 $6 14. Rc1 $16) 14. Rc1 Bd7 15. Qc5 Bc6 {White should prevent ...a6.} 16. Bb4 Nc8 {Threatening ...a6.} 17. Bh3 {Black must now prevent Bxc8.} Ne7 (17... a5 $5 18. Ba3 $8 Nd7 19. Bxd7+ Qxd7 $16) 18. Nd6+ Bxd6 19. Qxd6 Qxd6 20. Bxd6 {[#]} Rh6 $146 ({Predecessor:} 20... Nfg8 21. Bc5 Rh4 22. Rg4 Rh5 23. Rg3 Nh6 24. Nh7 Kd8 {½-½ (60) Fagerstrom,B (2584)-Koegler,K (2545) ICCF email 2015}) 21. Bf1 Nf5 22. Be5 Ke7 23. b4 a6 24. a4 Bxa4 (24... Ne8 $17 25. Bf4 Rh4) 25. Rc7+ (25. Bh3 $1 $11 {was the only way to keep the balance.} Nh4 26. Rc7+ Nd7 27. Rg3 (27. Rxb7 $2 Rc8 $17) (27. Bxg7 $2 Rg6 $19)) 25... Nd7 $17 26. Bh3 Rxh3 (26... g6 $1 $17 {aiming for ...f6.} 27. Rxb7 Rc8) 27. Nxh3 $11 f6 28. Nf4 $1 {[%cal Rf4d5]} Bc6 29. Ng6+ Kd8 (29... Ke6 $11 30. Nf4+ Kf7) 30. Bf4 $16 a5 31. b5 $1 {[%cal Rb5c6]} Bxb5 32. Rxb7 Bc6 33. Rc7 Ra6 (33... Bb5 $16) 34. Kd2 $18 {Strongly threatening Rc1.} Rb6 35. Rc1 Bb7 36. R7c3 {Threatens to win with Bc7+.} Ke8 37. h4 a4 38. h5 Rb2+ (38... Ba6 $16 {was called for.}) 39. R3c2 Rb4 40. Bc7 Ba6 {[#]} 41. Ra2 $1 Bb5 42. Ba5 Rb3 {[#]} 43. Bc7 $2 (43. Rc8+ $1 $18 Kf7 44. Kc1) 43... Rd3+ $2 (43... Rb4 $1 $11 {and Black has nothing to worry.}) 44. Ke1 Rb3 45. Kd2 (45. Nf4 $16) 45... Rd3+ (45... Rb4 $11) 46. Ke1 (46. Kc2 $1 $14) 46... Rb3 $1 47. Kd2 $2 {Accuracy: White = 67%, Black = 70%.} (47. Nf4 $18) 1/2-1/2

[Event "BL Meisterschaftsturnier 2020"]
[Site "Karlsruhe"]
[Date "2020.09.17"]
[Round "2.3"]
[White "Areshchenko, Alexander"]
[Black "Meier, Georg"]
[Result "1-0"]
[WhiteElo "2678"]
[BlackElo "2622"]
[Annotator "TA"]
[PlyCount "79"]
[EventDate "2020.09.16"]
[EventType "team-tourn"]
[EventCountry "GER"]
[SourceTitle "playchess.com"]
[Source "ChessBase"]
[SourceQuality "1"]
[WhiteTeam "Werder Bremen"]
[BlackTeam "Deizisau"]

{[%evp 16,79,16,11,11,4,11,11,11,11,11,11,11,11,11,11,11,10,10,10,28,16,16,-2,8,0,8,0,0,0,0,23,99,97,170,185,220,214,209,206,239,213,187,173,345,342,345,333,323,320,400,362,491,488,489,482,431,446,503,488,466,427,568,544,667,693]} 1. e4 e6 2. d4 d5 3. Nc3 Bb4 4. e5 c5 5. a3 Bxc3+ 6. bxc3 Qa5 7. Bd2 Qa4 8. Qb1 c4 9. Nh3 Nc6 {C18: French: 3 Nc3 Bb4: Main line: 7 h4 and 7 Qg4.} 10. g3 Bd7 11. Bg2 O-O-O {The position is equal.} 12. O-O Nge7 {[#]} 13. Re1 $146 ({Predecessor:} 13. Nf4 Rdf8 14. Qd1 Rhg8 15. Bh3 b6 16. Ra2 h6 17. Qe2 g6 18. Ng2 Rh8 19. Ne3 {0-1 (47) Malyi,V (2314)-Khlichkova,T (2254) Karaganda 2016}) 13... Kb8 14. Qd1 Rdf8 15. Nf4 Rhg8 16. Nh5 Nc8 17. Ra2 Nb6 18. Qg4 Ne7 19. Qg5 Re8 20. Rb1 Qa5 21. a4 {[%cal Ba3a4,Ba4a5][%mdl 32]} Bc6 22. Qf4 Ref8 $1 23. Bc1 $36 {[%mdl 2048] White has the initiative.} Nf5 {[#]} (23... Nxa4 $11 24. Ba3 Qd8) 24. g4 $1 $16 {[%cal Rg4f5] Black is on the road to losing.} Nh4 (24... Ne7 $16 {keeps fighting.}) 25. Ba3 $18 Qxc3 26. a5 (26. Bxf8 $6 Rxf8 27. Qg3 (27. Nxg7 Nxa4 28. Rba1 Qb4 $16) 27... Qxg3 $16) 26... Na4 27. Bb4 ({Resist} 27. Bxf8 $6 Rxf8 28. Rba1 (28. Nxg7 Ng6 $14) 28... Ng6 $16) 27... g5 28. Qe3 Qxe3 29. fxe3 c3 $2 (29... Nxg2 {was necessary.} 30. Kxg2 Rd8) 30. Bxf8 Rxf8 31. Ra3 Rc8 32. Bh1 a6 33. Nf6 h6 34. Rb4 {White is clearly winning.} Nb2 35. Rxc3 Nc4 36. e4 Nxa5 37. exd5 exd5 38. Nxd5 {Hoping for Ne7.} Rd8 39. Rc5 b5 {[#]} 40. c4 $1 {Accuracy: White = 97%, Black = 57%.} 1-0

[Event "BL Meisterschaftsturnier 2020"]
[Site "Karlsruhe"]
[Date "2020.09.17"]
[Round "2.3"]
[White "Smeets, Jan"]
[Black "Vandenbussche, Thibaut"]
[Result "1-0"]
[WhiteElo "2585"]
[BlackElo "2435"]
[Annotator "TA"]
[PlyCount "63"]
[EventDate "2020.09.16"]
[EventType "team-tourn"]
[EventCountry "GER"]
[SourceTitle "playchess.com"]
[Source "ChessBase"]
[SourceQuality "1"]
[WhiteTeam "Solingen"]
[BlackTeam "Aachen"]

{[%evp 12,63,17,18,23,27,16,23,4,5,56,45,47,54,62,44,38,22,15,16,23,18,31,24,85,88,72,94,108,123,189,193,504,493,527,520,564,566,668,662,853,826,1428,1420,2043,2026,2062,1977,1958,1943,1689,1248,1800,1680]} 1. e4 e6 2. d4 d5 3. exd5 exd5 4. Nf3 Bd6 5. c4 Nf6 6. c5 Be7 7. Bd3 b6 {C01: French: Exchange Variation.} 8. Be3 O-O 9. O-O bxc5 {White has an edge.} 10. dxc5 Bg4 (10... Ng4 $11) 11. Nbd2 $1 $14 Nc6 12. Qa4 $36 {[%mdl 2048] Black is under pressure.} Bd7 13. Bb5 Qe8 14. Rfe1 {[#]} Nd8 $146 ({Predecessor:} 14... a6 15. Bxc6 Bxc6 16. Qa5 Qd8 17. Nd4 Bd7 18. Bf4 Ra7 19. c6 Bc8 20. Nb5 Bb4 21. Qxb4 axb5 22. Qxb5 {1-0 (42) Tregubov,P (2592)-Anikonov,D (2371) St Petersburg 2018}) 15. Bxd7 Qxd7 16. Qa6 Ng4 17. b4 Nc6 (17... Rb8 $11) 18. a3 $16 Bf6 19. Rad1 Rae8 {[#]} 20. Bf4 $1 Nd4 (20... Nge5 $16 {keeps fighting.}) 21. h3 $18 Qf5 $2 (21... Ne6 {is a better chance.}) 22. Bxc7 {White is clearly winning.} Nxf2 23. Kxf2 Re6 24. Rxe6 fxe6 25. Kg1 g5 26. Rf1 Nxf3+ 27. Rxf3 Bd4+ 28. Kh1 Qg6 29. Rxf8+ Kxf8 30. Bd6+ Kg7 31. Qf1 {[%csl Gd6][%cal Rf1f8] [#]} Bf6 32. c6 {Accuracy: White = 96%, Black = 38%.} 1-0

[Event "BL Meisterschaftsturnier 2020"]
[Site "Karlsruhe"]
[Date "2020.09.17"]
[Round "2.4"]
[White "Bluebaum, Matthias"]
[Black "Efimenko, Zahar"]
[Result "1-0"]
[WhiteElo "2660"]
[BlackElo "2602"]
[Annotator "TA"]
[PlyCount "147"]
[EventDate "2020.09.16"]
[EventType "team-tourn"]
[EventCountry "GER"]
[SourceTitle "playchess.com"]
[Source "ChessBase"]
[SourceQuality "1"]
[WhiteTeam "Deizisau"]
[BlackTeam "Werder Bremen"]

{[%evp 9,147,-1,-1,6,6,9,4,14,9,-11,-8,-6,14,0,18,26,20,24,47,21,37,-2,27,14,24,20,25,16,13,17,16,28,40,13,6,0,25,15,31,32,30,7,29,39,32,37,31,39,57,35,29,0,0,0,22,19,52,52,52,52,52,45,58,25,28,27,27,18,20,8,12,11,11,11,25,25,32,29,33,25,25,25,25,25,25,25,28,28,39,36,45,12,66,66,66,66,66,26,63,25,25,25,25,25,25,25,25,25,25,25,25,25,25,25,27,27,31,25,39,11,11,11,11,11,11,11,29957,29957,29967,29967,29967,29967,29967,29968,29974,29975,29974,29974,29972,29972]} 1. d4 Nf6 2. c4 e6 3. Nc3 Bb4 4. Nf3 b6 5. Qb3 c5 6. dxc5 {E21: Nimzo-Indian: 4 Nf3.} Bxc5 7. Bf4 O-O 8. Rd1 {The position is equal.} Bb7 9. e3 Nh5 10. Bg3 Nc6 {[#]} 11. Be2 $146 ({Predecessor:} 11. a3 Nxg3 12. hxg3 Be7 13. Qc2 h6 14. g4 Rc8 15. Nb5 d6 16. g5 a6 17. gxh6 {1-0 (54) Andersson,O (1884)-Dovganenko,A (1760) LSS email 2014}) 11... Nxg3 12. hxg3 f5 13. a3 Rf7 14. Qc2 Qf6 15. Nb5 Ne5 (15... g5 {with more complications.} 16. Qc3 Qxc3+ 17. Nxc3 Rg7 18. Kf1 g4) 16. Qc3 Nxf3+ 17. Bxf3 {aiming for Qxf6.} Qxc3+ 18. Nxc3 Bxf3 19. gxf3 Rc8 20. Ke2 Bf8 21. Kd3 d6 22. b3 a6 23. a4 Rfc7 {Black wants to play ...d5!} 24. Ne2 h6 25. e4 fxe4+ 26. fxe4 Rc5 27. f4 Kf7 28. Ke3 b5 29. cxb5 axb5 30. b4 Rc4 31. axb5 Rb8 32. Nd4 Rxb4 33. Rb1 d5 34. Rxb4 Bxb4 $14 {[%mdl 4096] Endgame KRB-KRN} 35. Rc1 Rb7 36. Rc6 {Strongly threatening e5.} dxe4 $1 37. Kxe4 {Hoping for Kd3.} Be7 38. Rc1 g5 39. fxg5 Bxg5 40. Rb1 Ke7 41. Nc6+ Kd7 42. Na5 Rb6 43. Nc4 Rb8 44. Rd1+ Kc7 45. b6+ Kc6 46. Ne5+ Kb7 47. Rd6 Rc8 48. Rxe6 Rc1 49. Rd6 h5 50. Nf7 Re1+ (50... Be7 $1 $11) 51. Kf5 $1 Be7 52. Rh6 Re3 53. Kf4 Rb3 54. Nd6+ (54. Rxh5 {looks sharper.} Rxb6 55. Rh7 Kc8 56. g4 Rf6+ 57. Ke4) 54... Bxd6+ 55. Rxd6 $11 {KR-KR} Rb4+ 56. Kf3 Rb5 57. Rg6 Rb4 58. Ke3 Ra4 59. Kf2 Rb4 60. Kf3 Ra4 61. Rh6 Ra5 62. Kf4 Rb5 63. Rg6 Rc5 64. Rg5 Rc4+ 65. Kf5 h4 $1 {...Rc5+ is the strong threat.} 66. Rg7+ Kxb6 67. g4 {And now g5 would win.} Kc6 $2 {[%mdl 8192] Loses the game.} (67... h3 $11) 68. Rh7 {White mates.} Kd6 {[#]} 69. g5 $1 {[%cal Rg5g6]} Rc1 70. Rxh4 Ke7 {[#]} 71. Kg6 $1 {[%cal Rg6h7]} Rc6+ 72. Kg7 Rc7 73. Re4+ Kd6+ 74. Kh6 {Accuracy: White = 87%, Black = 87%.} 1-0

[Event "BL Meisterschaftsturnier 2020"]
[Site "Karlsruhe"]
[Date "2020.09.17"]
[Round "2.4"]
[White "Piceu, Tom"]
[Black "Nikolic, Predrag"]
[Result "1/2-1/2"]
[WhiteElo "2347"]
[BlackElo "2562"]
[Annotator "TA"]
[PlyCount "62"]
[EventDate "2020.09.16"]
[EventType "team-tourn"]
[EventCountry "GER"]
[SourceTitle "playchess.com"]
[Source "ChessBase"]
[SourceQuality "1"]
[WhiteTeam "Aachen"]
[BlackTeam "Solingen"]

{[%evp 14,62,25,20,27,41,29,22,20,20,47,35,68,36,47,33,33,33,27,30,71,70,58,71,66,50,50,30,29,28,73,81,77,67,92,55,54,8,8,12,14,0,0,0,0,0,0,0,0,0,0]} 1. d4 Nf6 2. c4 e6 3. Nf3 b6 4. a3 d5 5. cxd5 exd5 6. Nc3 Be7 7. Bf4 O-O 8. e3 c5 {[#] E12: Queen's Indian: Unusual White 4th moves, 4 a3, 4 Nc3 Bb7 5 a3 and 4 Nc3 Bb7 .} 9. dxc5 $146 ({Predecessor:} 9. Be2 Bb7 10. O-O Na6 11. Qa4 Nc7 12. dxc5 bxc5 13. Rad1 Qc8 14. Rd2 Rd8 15. Rfd1 h6 16. h3 Bd6 17. Be5 Nce8 {0-1 (30) Nguyen,D (2498)-Sasikiran,K (2669) Tabriz 2014}) 9... bxc5 10. Bd3 Nc6 11. O-O Bb7 12. Rc1 {[%cal Ba1c1,Bc1c5,Bc5g5][%mdl 32]} d4 13. Ne4 (13. Na4 {keeps more tension.} dxe3 14. fxe3 Qd5 15. Nc3 Qd7 16. Qc2) 13... dxe3 14. Bxe3 Nd4 15. Nxc5 Bxc5 16. Rxc5 Bxf3 17. gxf3 {[#] Black must now prevent Bxd4.} Nxf3+ 18. Qxf3 Qxd3 19. Rd1 Qb3 $1 20. Rg5 {Hoping for Rxg7+!} Qe6 21. Bd4 h6 22. Rg3 Rad8 23. Rd3 {[#] Strongly threatening Bxf6.} ({Of course not} 23. Bxa7 $6 Ne4 $11) 23... Kh7 24. Re3 $40 {[%mdl 128] White is up to no good.} Qd6 25. Qf5+ ({Inferior is} 25. Bxa7 Qc7 $17) 25... g6 {The position is equal.} 26. Qxf6 {[%csl Gd4][%cal Rf6g7]} Qxd4 27. Rxg6 Qd1+ 28. Kg2 {[%csl Gg6][%cal Rf6g7]} Qd5+ 29. Kg1 {[%csl Gg6][%cal Rf6g7]} Qd1+ 30. Kg2 {[%csl Gg6][%cal Rf6g7]} Qd5+ 31. Kg1 {[%csl Gg6][%cal Rf6g7]} Qd1+ {Accuracy: White = 83%, Black = 78%.} 1/2-1/2

[Event "BL Meisterschaftsturnier 2020"]
[Site "Karlsruhe"]
[Date "2020.09.17"]
[Round "2.5"]
[White "Van Foreest, Lucas"]
[Black "Donchenko, Alexander"]
[Result "1-0"]
[WhiteElo "2531"]
[BlackElo "2654"]
[Annotator "TA"]
[PlyCount "101"]
[EventDate "2020.09.16"]
[EventType "team-tourn"]
[EventCountry "GER"]
[SourceTitle "playchess.com"]
[Source "ChessBase"]
[SourceQuality "1"]
[WhiteTeam "Werder Bremen"]
[BlackTeam "Deizisau"]

{[%evp 12,101,12,13,21,19,23,10,0,0,0,0,2,0,8,0,22,8,21,13,0,0,12,34,27,-50,50,28,54,59,44,40,42,40,40,29,43,37,50,45,54,43,54,14,31,18,18,13,18,28,24,11,12,12,21,32,17,3,34,18,80,77,439,437,427,427,543,525,514,512,562,536,901,900,747,700,602,438,529,533,29989,29990,29990,29991,29991,29992,29992,29993,29993,29994,29997,29998]} 1. e4 c5 2. Nf3 d6 3. d4 cxd4 4. Nxd4 Nf6 5. Nc3 a6 6. Bg5 Nbd7 7. Bc4 Qb6 {B94: Sicilian Najdorf: 6 Bg5 Nbd7.} 8. Bb3 e6 9. Bxf6 Nxf6 {The position is equal.} 10. Qd2 Nd7 11. O-O-O Nc5 12. f4 Bd7 13. Kb1 Be7 {[#]} 14. Rhf1 $146 ({Predecessor:} 14. g4 O-O-O 15. Nf5 Bf8 16. Ne3 Bc6 17. Qd4 Kb8 18. Nc4 Qc7 19. Rhf1 Rg8 20. Ne5 {½-½ (34) Glazman,M (2569)-Nickel,A (2645) ICCF email 2012}) 14... O-O-O 15. Nf5 Bf8 ({But not} 15... exf5 $2 16. Nd5 $18) 16. Ne3 Bc6 17. f5 Kb8 18. Qe1 (18. Qd4 $11) 18... Nxb3 ({Black should play} 18... Qc7 $15) 19. axb3 $14 Be7 20. fxe6 fxe6 21. Ned5 exd5 22. exd5 Bf6 {And now ...Be8 would win.} 23. dxc6 Rhe8 24. Qd2 {cxb7 is the strong threat.} bxc6 25. Na4 Qb5 26. Rfe1 Re5 27. Ka2 Kc7 28. c4 Qa5 {Threatens to win with ...Qxd2.} 29. Qf2 Kb7 30. Rxe5 Bxe5 31. Qh4 h6 32. Qe7+ Kb8 33. c5 {[%cal Rc5d6]} Qc7 34. cxd6 Bxd6 (34... Rxd6 $5 {[%cal Rc7e7]} 35. Qe8+ Kb7 $11) 35. Qe4 Rd7 (35... Be7 $11 36. Rxd8+ Bxd8) 36. Qd3 $16 Ka7 $2 {[%mdl 8192] [#] Now Black is done in.} (36... Qa5 $16) 37. Qd4+ $1 $18 Kb8 38. Nc5 Qa5+ 39. Kb1 Rd8 40. b4 Qb5 41. Qxg7 Bc7 42. Rxd8+ Bxd8 43. Qf8 Kc8 44. Qxh6 Qf1+ 45. Ka2 Qxg2 {If Black can now play ...Qd5+ this consolidates a bit.} 46. Qe6+ {White mates.} Kb8 47. Qd6+ {[%mdl 64] Double Attack} Bc7 48. Qf8+ Ka7 {[#]} 49. Qc8 $1 {[%csl Gc5][%cal Rc8b7][%mdl 64] Double Attack} Qd5+ {[#]} 50. Ka3 $1 {[%csl Gc5][%cal Rc8b7]} Qf3+ 51. b3 {Accuracy: White = 91%, Black = 64%.} 1-0